| 000 | 00699nam a2200265Ia 4500 | ||
|---|---|---|---|
| 005 | 20250425161928.0 | ||
| 008 | 250425s9999 xx 000 0 und d | ||
| 041 | _aspa | ||
| 043 | _abl | ||
| 082 | _a658.91362 | ||
| 100 | _aPROAHSA, PROAHSA | ||
| 245 | 0 | _aMANUAL DE ORGANIZACAO E PROCEDIMENTOS HOSPITALARES | |
| 250 | _a1A ED. | ||
| 260 |
_aBrasil _bPROAHSA _c1987 |
||
| 260 | _aSAO PAULO | ||
| 300 | _a636 | ||
| 500 | _aBIBLIOTECA PIONEIRA DE ADMINISTRACAO E NEGOCIOS | ||
| 650 | _aADMINISTRACION HOSPITALARIA | ||
| 650 | _aDIAGNOSTICO(MEDICINA) | ||
| 650 | _aMETODOS GRAFICOS | ||
| 650 | _aRECURSOS HUMANOS-DESARROLLO | ||
| 710 | _aPROAHSA | ||
| 942 | _c01 | ||
| 010 | _a35277 | ||
| 999 |
_c219054 _d219054 |
||